<?xml version="1.0" encoding="UTF-8"?><?xml-stylesheet type="text/xsl" href="static/style.xsl"?><OAI-PMH xmlns="http://www.openarchives.org/OAI/2.0/" xmlns:xsi="http://www.w3.org/2001/XMLSchema-instance" xsi:schemaLocation="http://www.openarchives.org/OAI/2.0/ http://www.openarchives.org/OAI/2.0/OAI-PMH.xsd"><responseDate>2026-04-17T18:39:50Z</responseDate><request verb="GetRecord" identifier="oai:www.recercat.cat:10230/47025" metadataPrefix="marc">https://recercat.cat/oai/request</request><GetRecord><record><header><identifier>oai:recercat.cat:10230/47025</identifier><datestamp>2025-12-18T01:08:43Z</datestamp><setSpec>com_2072_6</setSpec><setSpec>col_2072_452952</setSpec></header><metadata><record xmlns="http://www.loc.gov/MARC21/slim" xmlns:dcterms="http://purl.org/dc/terms/" xmlns:xsi="http://www.w3.org/2001/XMLSchema-instance" xmlns:doc="http://www.lyncode.com/xoai" xsi:schemaLocation="http://www.loc.gov/MARC21/slim http://www.loc.gov/standards/marcxml/schema/MARC21slim.xsd">
   <leader>00925njm 22002777a 4500</leader>
   <datafield ind2=" " ind1=" " tag="042">
      <subfield code="a">dc</subfield>
   </datafield>
   <datafield ind2=" " ind1=" " tag="720">
      <subfield code="a">Cavaco, Marco</subfield>
      <subfield code="e">author</subfield>
   </datafield>
   <datafield ind2=" " ind1=" " tag="720">
      <subfield code="a">Valle, Javier</subfield>
      <subfield code="e">author</subfield>
   </datafield>
   <datafield ind2=" " ind1=" " tag="720">
      <subfield code="a">Flores, Isabel</subfield>
      <subfield code="e">author</subfield>
   </datafield>
   <datafield ind2=" " ind1=" " tag="720">
      <subfield code="a">Andreu Martínez, David</subfield>
      <subfield code="e">author</subfield>
   </datafield>
   <datafield ind2=" " ind1=" " tag="720">
      <subfield code="a">Castanho, Miguel A.R.B.</subfield>
      <subfield code="e">author</subfield>
   </datafield>
   <datafield ind2=" " ind1=" " tag="260">
      <subfield code="c">2021-04-07T05:51:28Z</subfield>
   </datafield>
   <datafield ind2=" " ind1=" " tag="260">
      <subfield code="c">2021-04-07T05:51:28Z</subfield>
   </datafield>
   <datafield ind2=" " ind1=" " tag="260">
      <subfield code="c">2021</subfield>
   </datafield>
   <datafield ind2=" " ind1=" " tag="520">
      <subfield code="a">Proteolytic instability is a critical limitation for peptide-based products. Although significant efforts are devoted to stabilize sequences against proteases/peptidases in plasma/serum, such approaches tend to be rather empirical, unspecific, time-consuming, and frequently not cost-effective. A more rational and potentially rewarding alternative is to identify the chemical grounds of susceptibility to enzymatic degradation of peptides so that proteolytic resistance can be tuned by manipulation of key chemical properties. In this regard, we conducted a meta-analysis of literature published over the last decade reporting experimental data on the lifetimes of peptides exposed to proteolytic conditions. Our initial database contained 579 entries and was curated with regard to amino acid sequence, chemical modification, terminal half-life (t1/2 ) or other stability readouts, type of stability assay, and biological application of the study. Although the majority of entries in the database corresponded to (slightly or substantially) modified peptides, we chose to focus on unmodified ones, as we aimed to decipher intrinsic characteristics of peptide proteolytic susceptibility. Specifically, we developed a multivariable regression model to unravel those peptide properties with most impact on proteolytic stability and thus potential t1/2 predicting ability. Model validation was done by two different approaches. First, a library of peptides spanning a large interval of properties that modulate stability was synthesized and their t1/2 in human serum were experimentally determined. Second, the t1/2 of 21 selected peptides approved for clinical use or in clinical trials were recorded and matched with the model-estimated values. With both approaches, good correlation between experimental and predicted t1/2 data was observed.</subfield>
   </datafield>
   <datafield ind2=" " ind1=" " tag="520">
      <subfield code="a">This research was supported by the Portuguese Fundação para a Ciência e a Tecnologia (FCT; grants PD/BD/128281/2017, PTDC/BBB‐NAN/1578/2014, PTDC/BIA‐VIR/29495/2017, UID/Multi/04349/2019, and PTDC/QUI‐NUC/30147/2017), the Spanish Ministry of Economy and Innovation (MINECO, grants AGL2014‐52395‐C2‐2‐R and AGL2017‐84097‐C2‐2‐R, and Maria de Maeztu Program for Centers of Excellence); the European Union H2020‐MSCA‐RISE‐2014 program (grant no. 828774), and the “La Caixa” Banking Foundation (grant HR17‐00409).</subfield>
   </datafield>
   <datafield ind2="0" ind1="0" tag="245">
      <subfield code="a">Estimating peptide half‐life in serum from tunable, sequence‐related physicochemical properties</subfield>
   </datafield>
</record></metadata></record></GetRecord></OAI-PMH>